[Event "Bayern-chI Bank Hofmann 23rd"]
[Site "Tegernsee"]
[Date "2019.11.02"]
[Round "8"]
[White "Koelle, Tobias"]
[Black "Tillmann, Markus"]
[Result "1-0"]
[WhiteElo "2281"]
[BlackElo "2136"]
[PlyCount "49"]
[EventDate "2019.10.26"]
[EventType "swiss"]
[EventRounds "9"]
[EventCountry "GER"]
[SourceTitle "CBM 192 Extra"]
[Source "Chessbase"]
[SourceDate "2019.11.06"]
[SourceVersion "1"]
[SourceVersionDate "2019.11.06"]
[SourceQuality "1"]

1. d4 Nf6 2. c4 g6 3. f3 Bg7 4. e4 d6 5. Nc3 Nc6 6. d5 Nb8 7. Bg5 Nbd7 8. Qd2 h6 9. Be3 c5 10. Nh3 a6 11. Nf2 Rb8 12. Be2 Ne5 13. 0-0 g5 14. a3 0-0 15. f4 gxf4 16. Bxf4 Kh7 17. Kh1 Bd7 18. b4 Qc7 19. bxc5 Qxc5 20. Nd3 Qc7 21. Nxe5 dxe5 22. Be3 b6 23. Rab1 Bg4 24. Rxf6 Bxe2 25. Rc6 1-0

[Event "Bayern-chI Bank Hofmann 23rd"]
[Site "Tegernsee"]
[Date "2019.10.29"]
[Round "4"]
[White "Fiedorek, Michal"]
[Black "Tillmann, Markus"]
[Result "0-1"]
[WhiteElo "2343"]
[BlackElo "2136"]
[PlyCount "84"]
[EventDate "2019.10.26"]
[EventType "swiss"]
[EventRounds "9"]
[EventCountry "GER"]
[SourceTitle "CBM 192 Extra"]
[Source "Chessbase"]
[SourceDate "2019.11.06"]
[SourceVersion "1"]
[SourceVersionDate "2019.11.06"]
[SourceQuality "1"]

1. e4 e5 2. Nf3 Nc6 3. Bb5 a6 4. Ba4 Nf6 5. 0-0 Be7 6. Re1 b5 7. Bb3 d6 8. a4 Bg4 9. c3 Rb8 10. axb5 axb5 11. d4 Bxf3 12. gxf3 Qd7 13. Kg2 0-0 14. d5 Nd8 15. f4 Kh8 16. Qf3 b4 17. cxb4 Rxb4 18. Bd2 Rb8 19. Ba4 Qc8 20. Bc3 exf4 21. Qxf4 Ng4 22. h3 Ne5 23. Bc2 Bf6 24. Qg3 Rg8 25. Nd2 Qd7 26. Nf3 Nc4 27. Nd4 c5 28. dxc6 Nxc6 29. Ba4 Bxd4 30. Bxd4 Qb7 31. Bc3 N4e5 32. Rad1 f5 33. Rxd6 Ra8 34. Bc2 f4 35. Qxf4 Rgf8 36. Qc1 Nf3 37. Re3 Qc7 38. Qd1 Nce5 39. Re2 Qe7 40. Bxe5 Qxe5 41. Re3 Qh2+ 42. Kf1 Nd4 0-1

[Event "Bayern-chI Bank Hofmann 21st"]
[Site "Tegernsee"]
[Date "2017.11.01"]
[Round "5"]
[White "Tillmann, Markus"]
[Black "Zubov, Alexander"]
[Result "0-1"]
[WhiteElo "2157"]
[BlackElo "2623"]
[PlyCount "90"]
[EventDate "2017.10.28"]
[EventType "swiss"]
[EventRounds "9"]
[EventCountry "GER"]
[SourceTitle "CBM 181 Extra"]
[Source "ChessBase"]
[SourceDate "2017.12.12"]
[SourceVersion "1"]
[SourceVersionDate "2017.12.12"]
[SourceQuality "1"]

1. d4 d5 2. Nf3 c6 3. g3 Nf6 4. Bg2 Bf5 5. 0-0 Nbd7 6. c4 e6 7. Nc3 Be7 8. a4 a5 9. Qb3 Qb6 10. Qa2 Ne4 11. Rd1 0-0 12. Nxe4 Bxe4 13. b3 Rfd8 14. Bg5 f6 15. Be3 Re8 16. Nh4 Bxg2 17. Nxg2 Bf8 18. Qc2 Qd8 19. f3 Qe7 20. Bf2 Qf7 21. Ra2 Rac8 22. Qd3 f5 23. Be1 Ra8 24. Rc2 g6 25. e4 dxe4 26. fxe4 Nf6 27. exf5 exf5 28. d5 cxd5 29. cxd5 Rad8 30. Nf4 g5 31. Bxa5 Rd7 32. Qxf5 gxf4 33. gxf4 Rxd5 34. Rg2+ Bg7 35. Rxd5 Nxd5 36. Qxf7+ Kxf7 37. Rd2 Nxf4 38. Rd7+ Re7 39. Rxe7+ Kxe7 40. Bd2 Be5 41. b4 Kd6 42. Kf2 Nd5 43. h4 Bc3 44. Bxc3 Nxc3 45. a5 Ke5 0-1

[Event "NRW Class2 1516"]
[Site "Germany"]
[Date "2016.04.03"]
[Round "8.5"]
[White "Tillmann, Markus"]
[Black "Buendgen, Achim"]
[Result "0-1"]
[WhiteElo "2098"]
[BlackElo "2137"]
[PlyCount "86"]
[EventDate "2015.09.27"]
[EventType "team-tourn"]
[EventRounds "9"]
[EventCountry "GER"]
[SourceTitle "EXT 2017"]
[Source "ChessBase"]
[SourceDate "2016.10.25"]
[SourceVersion "1"]
[SourceVersionDate "2016.10.25"]
[SourceQuality "1"]
[WhiteTeam "Sundern"]
[BlackTeam "Neuenkirchen"]
[WhiteTeamCountry "GER"]
[BlackTeamCountry "GER"]

1. d4 Nf6 2. Nf3 c5 3. d5 e6 4. c4 exd5 5. cxd5 d6 6. Nc3 g6 7. Bf4 a6 8. a4 Bg7 9. h3 Nh5 10. Bg5 Qb6 11. Qc2 f5 12. a5 Qc7 13. Bc1 Nf6 14. Nd2 Nbd7 15. Nc4 b5 16. axb6 Nxb6 17. Nxb6 Qxb6 18. g3 0-0 19. Bg2 Rb8 20. 0-0 Re8 21. Ra3 Bd7 22. Re1 Re7 23. e3 a5 24. Kh2 Qb4 25. Qd1 Ne4 26. Nxe4 fxe4 27. Bd2 Qxb2 28. Rxa5 Rf7 29. Bc1 Qe5 30. Ra7 h5 31. Qc2 Rbf8 32. Re2 Bb5 33. Rxf7 Rxf7 34. Rd2 Bd3 35. Qd1 c4 36. Ra2 h4 37. Qg4 hxg3+ 38. fxg3 Qf5 39. Ra8+ Rf8 40. Qxf5 gxf5 41. Ra6 Be5 42. h4 c3 43. Bh3 Bxa6 0-1

[Event "Bayern-chI Bank Hofmann 19th"]
[Site "Bad Wiessee"]
[Date "2015.11.07"]
[Round "8"]
[White "Tillmann, Markus"]
[Black "Weber, Ulrich"]
[Result "1/2-1/2"]
[WhiteElo "2191"]
[BlackElo "2380"]
[PlyCount "142"]
[EventDate "2015.10.31"]
[EventType "swiss"]
[EventRounds "9"]
[EventCountry "GER"]
[SourceTitle "CBM 169 Extra"]
[Source "ChessBase"]
[SourceDate "2015.12.18"]
[SourceVersion "1"]
[SourceVersionDate "2015.12.18"]
[SourceQuality "1"]

1. d4 Nf6 2. c4 g6 3. Nc3 Bg7 4. e4 d6 5. Be2 0-0 6. Nf3 Nbd7 7. 0-0 e5 8. Bg5 h6 9. Be3 c6 10. a4 a5 11. Ra3 Qe7 12. d5 Ng4 13. Bd2 Nc5 14. Ne1 Nf6 15. Qb1 Nfd7 16. g4 Nb6 17. f3 Kh7 18. b4 axb4 19. Qxb4 Nbd7 20. Bd1 Bf6 21. Bc2 Bg5 22. Ne2 Kg7 23. Ng2 Ra6 24. Ne3 Nf6 25. Ng3 Kh7 26. Kg2 Ng8 27. a5 Bd7 28. Rb1 Rfa8 29. Rba1 Qd8 30. Ngf1 Bf4 31. Be1 h5 32. h3 Kg7 33. Qb2 hxg4 34. hxg4 Qg5 35. Qc3 Nf6 36. Bg3 Rh8 37. Bxf4 Qxf4 38. Ng3 Raa8 39. Rb1 Rh4 40. Raa1 Rah8 41. Rh1 Rxh1 42. Rxh1 cxd5 43. cxd5 Rxh1 44. Nxh1 Bb5 45. Ng3 Qg5 46. Qd2 Kf8 47. Nc4 Qxd2+ 48. Nxd2 Ke7 49. Kf2 Kd8 50. Ke3 g5 51. Nb1 Kc7 52. Na3 Ba6 53. Bd1 Nfd7 54. Be2 Nb3 55. Bxa6 bxa6 56. Nc4 Nd4 57. Nh5 Nb5 58. Ng7 Nc5 59. Ne8+ Kd7 60. Nf6+ Ke7 61. Ng8+ Kd8 62. Nh6 Ke8 63. Nf5 Nb7 64. Kd3 f6 65. Kc2 Kd7 66. Nb6+ Kc7 67. Nc4 Nc5 68. Kd2 Nb3+ 69. Ke3 Kd7 70. Nb6+ Kc7 71. Nc4 Kd7 1/2-1/2

[Event "Bayern-chI Bank Hofmann 19th"]
[Site "Bad Wiessee"]
[Date "2015.11.05"]
[Round "6"]
[White "Tillmann, Markus"]
[Black "Pezerovic, Edin"]
[Result "0-1"]
[WhiteElo "2191"]
[BlackElo "2408"]
[PlyCount "94"]
[EventDate "2015.10.31"]
[EventType "swiss"]
[EventRounds "9"]
[EventCountry "GER"]
[SourceTitle "CBM 169 Extra"]
[Source "ChessBase"]
[SourceDate "2015.12.18"]
[SourceVersion "1"]
[SourceVersionDate "2015.12.18"]
[SourceQuality "1"]

1. d4 d5 2. Bf4 c6 3. e3 Bf5 4. c4 e6 5. Nc3 Qb6 6. Qc1 Nf6 7. Nf3 Nbd7 8. Be2 Nh5 9. Bg5 h6 10. Bh4 g5 11. Bg3 Nxg3 12. hxg3 Bg7 13. cxd5 exd5 14. 0-0 0-0 15. Nd2 Bg6 16. Nb3 Rae8 17. Qd2 f5 18. Bd3 Nf6 19. Qc2 Ng4 20. Rfe1 Bh7 21. Re2 Kh8 22. Rae1 h5 23. f3 Nh6 24. Kf2 Qd8 25. Rh1 Bg6 26. Ree1 Qe7 27. a4 Rf6 28. a5 Re6 29. Qd2 b6 30. Re2 Qd6 31. axb6 axb6 32. Ree1 R8e7 33. Qc2 Kh7 34. Na4 Qb8 35. Nc3 Rf7 36. Qd2 Bf8 37. Be2 Bd6 38. f4 h4 39. Kg1 Be7 40. gxh4 gxh4 41. Ra1 Ng4 42. Rh3 Bf6 43. Nd1 Rfe7 44. Nc1 Nxe3 45. Nxe3 Qxf4 46. Nf1 Bxd4+ 47. Kh1 Qf2 0-1

[Event "Bayern-chI Bank Hofmann 18th"]
[Site "Bad Wiessee"]
[Date "2014.10.26"]
[Round "2"]
[White "Tillmann, Markus"]
[Black "Milov, Leonid"]
[Result "1/2-1/2"]
[WhiteElo "2185"]
[BlackElo "2492"]
[PlyCount "56"]
[EventDate "2014.10.25"]
[EventType "swiss"]
[EventRounds "9"]
[EventCountry "GER"]
[SourceTitle "EXT 2015"]
[Source "ChessBase"]
[SourceDate "2014.11.20"]
[SourceVersion "1"]
[SourceVersionDate "2014.11.20"]
[SourceQuality "1"]

1. Nf3 f5 2. c4 Nf6 3. Nc3 d6 4. g3 e5 5. Bg2 Be7 6. d3 0-0 7. 0-0 Qe8 8. c5 Nc6 9. Nb5 Qd8 10. cxd6 cxd6 11. b3 a6 12. Nc3 d5 13. d4 e4 14. Ne5 Be6 15. Nxc6 bxc6 16. Na4 Nd7 17. e3 g5 18. f4 exf3 19. Bxf3 Bd6 20. Bb2 Qe7 21. Rc1 Rac8 22. Qd3 g4 23. Bg2 h5 24. Nc5 h4 25. Nxe6 Qxe6 26. gxh4 Nb8 27. Rc2 Rce8 28. Rcf2 Qxe3 1/2-1/2

[Event "Moehnesee Cup 36th"]
[Site "Moehnesee"]
[Date "2010.08.28"]
[Round "4"]
[White "Schmitz, Philipp"]
[Black "Tillmann, Markus"]
[Result "0-1"]
[WhiteElo "1913"]
[BlackElo "2200"]
[PlyCount "76"]
[EventDate "2010.08.26"]
[EventType "swiss"]
[EventRounds "7"]
[EventCountry "GER"]
[SourceTitle "EXT 2011"]
[Source "ChessBase"]
[SourceDate "2010.11.26"]
[SourceVersion "1"]
[SourceVersionDate "2010.11.26"]
[SourceQuality "1"]

1. e4 c5 2. Nf3 e6 3. d4 cxd4 4. Nxd4 Nf6 5. Bd3 a6 6. a4 Bc5 7. Nb3 Ba7 8. 0-0 Nc6 9. Bg5 h6 10. Bf4 d6 11. Nc3 g5 12. Bd2 Ne5 13. Qe2 Bd7 14. Kh1 Rg8 15. Rad1 g4 16. Bf4 Nh5 17. Bxe5 dxe5 18. g3 Qe7 19. f3 Bc6 20. Na5 Rc8 21. Nxc6 Rxc6 22. Qd2 Rg6 23. fxg4 Nf6 24. Be2 Bd4 25. Bf3 Qc7 26. g5 Rxg5 27. Bg2 Ng4 28. h4 Rg6 29. Rf3 Qb6 30. Rdf1 Rc7 31. Nd1 Qc6 32. c3 Bb6 33. Rd3 Rc8 34. Rd6 Qc7 35. b4 Bd4 36. Rxd4 exd4 37. Qxd4 Qxg3 38. Qh8+ Ke7 0-1

[Event "Bayern-chI Bank Hofmann 12th"]
[Site "Bad Wiessee"]
[Date "2008.11.08"]
[Round "8"]
[White "Tillmann, Markus"]
[Black "Forchert, Martin"]
[Result "0-1"]
[WhiteElo "2190"]
[BlackElo "2385"]
[PlyCount "96"]
[EventDate "2008.11.01"]
[EventType "swiss"]
[EventRounds "9"]
[EventCountry "GER"]
[SourceTitle "EXT 2009"]
[Source "ChessBase"]
[SourceDate "2008.11.26"]
[SourceVersion "1"]
[SourceVersionDate "2008.11.26"]
[SourceQuality "1"]

1. d4 d5 2. Nf3 Nf6 3. e3 g6 4. Bd3 Bg7 5. 0-0 0-0 6. Nbd2 Bf5 7. Ne5 Nbd7 8. Ndf3 Nxe5 9. Nxe5 Nd7 10. Bxf5 Nxe5 11. Bh3 Nd7 12. b3 e5 13. Ba3 Re8 14. Rb1 exd4 15. exd4 Nf6 16. Qd3 c6 17. Bb2 Qa5 18. Bc3 Qb6 19. g3 Ne4 20. Bb2 Qa5 21. f3 Nd6 22. a4 c5 23. Rbd1 c4 24. Qc3 Qxc3 25. Bxc3 cxb3 26. cxb3 Re3 27. Bb4 Nf5 28. Bxf5 gxf5 29. Bd6 Rxb3 30. Rb1 Bxd4+ 31. Kg2 Rxb1 32. Rxb1 b6 33. Rd1 Bf6 34. Kf2 Rd8 35. Ba3 Kg7 36. Ke3 Be5 37. Rc1 Re8 38. Kd3 f4 39. Re1 Re6 40. g4 Bf6 41. Bb4 Rxe1 42. Bxe1 Be5 43. Bh4 Kf8 44. Be1 Ke7 45. Bb4+ Kd7 46. Bf8 Kc6 47. Be7 a5 48. Ba3 b5 0-1

[Event "Bayern-chI Bank Hofmann 12th"]
[Site "Bad Wiessee"]
[Date "2008.11.07"]
[Round "7"]
[White "Haub, Thorsten Michael"]
[Black "Tillmann, Markus"]
[Result "1/2-1/2"]
[WhiteElo "2454"]
[BlackElo "2190"]
[PlyCount "83"]
[EventDate "2008.11.01"]
[EventType "swiss"]
[EventRounds "9"]
[EventCountry "GER"]
[SourceTitle "EXT 2009"]
[Source "ChessBase"]
[SourceDate "2008.11.26"]
[SourceVersion "1"]
[SourceVersionDate "2008.11.26"]
[SourceQuality "1"]

1. Nf3 d5 2. g3 Nf6 3. d3 Nc6 4. Bg2 e5 5. 0-0 Be7 6. c3 0-0 7. Qc2 Bf5 8. Nh4 Be6 9. e4 Ne8 10. Nf5 Bf6 11. Ne3 Ne7 12. Qe2 Qd7 13. exd5 Nxd5 14. Nc4 Bh3 15. Nxe5 Bxe5 16. Qxe5 Nef6 17. Nd2 Rae8 18. Qd4 c5 19. Qh4 Bxg2 20. Kxg2 Qf5 21. Qc4 Re2 22. Ne4 Ng4 23. Kg1 Ne5 24. Nd6 Qf3 25. Qh4 Qxd3 26. Qh3 f5 27. Nxb7 Qb5 28. Nd6 Qd7 29. Qh5 Ng4 30. h3 g6 31. Qg5 Ne5 32. f4 Qxd6 33. fxe5 Qxe5 34. Qh4 Nf6 35. Qc4+ Qe6 36. Qxe6+ Rxe6 37. Bf4 Re2 38. Rf2 Rfe8 39. Rd1 Re1+ 40. Rf1 R1e2 41. Rf2 Re1+ 42. Rf1 1/2-1/2

[Event "Bayern-chI Bank Hofmann 11th"]
[Site "Bad Wiessee"]
[Date "2007.11.12"]
[Round "3"]
[White "Tillmann, Markus"]
[Black "Pirrot, Dieter"]
[Result "0-1"]
[WhiteElo "2204"]
[BlackElo "2417"]
[PlyCount "62"]
[EventDate "2007.11.10"]
[EventType "swiss"]
[EventRounds "9"]
[EventCountry "GER"]
[SourceTitle "CBM 121 Extra"]
[Source "ChessBase"]
[SourceDate "2008.01.10"]
[SourceVersion "1"]
[SourceVersionDate "2008.01.10"]
[SourceQuality "1"]

1. d4 e6 2. c4 f5 3. g3 Nf6 4. Bg2 Be7 5. Nf3 d6 6. 0-0 0-0 7. Nc3 a5 8. Re1 Ne4 9. Nd2 Nxc3 10. bxc3 e5 11. Rb1 Nc6 12. c5 exd4 13. cxd4 dxc5 14. dxc5 Bxc5 15. Qc2 Qe7 16. Nb3 Bb6 17. Bxc6 bxc6 18. Nd4 c5 19. Nf3 Qe4 20. Qb2 c4 21. Bf4 h6 22. h4 Ba6 23. Be5 Rab8 24. Qc3 Rf7 25. Rbd1 Re8 26. Bf4 Bb7 27. Rd2 g5 28. hxg5 hxg5 29. Bxg5 Qg4 30. Rd8 Qxg3+ 31. Kf1 Qxf2# 0-1

[Event "Canarias en Red prel 1st"]
[Site "Playchess.com INT"]
[Date "2004.05.03"]
[Round "11"]
[White "Tillmann, Markus"]
[Black "Bjelajac, Milan"]
[Result "1/2-1/2"]
[WhiteElo "2190"]
[BlackElo "2370"]
[PlyCount "152"]
[EventDate "2004.05.03"]
[EventType "swiss (blitz)"]
[EventRounds "13"]
[EventCountry "GER"]
[SourceTitle "EXT 2005"]
[Source "ChessBase"]
[SourceDate "2004.11.15"]
[SourceVersion "1"]
[SourceVersionDate "2004.11.15"]
[SourceQuality "1"]

1. d4 f5 2. e4 fxe4 3. Nc3 Nf6 4. Bg5 Nc6 5. d5 Ne5 6. Qd4 d6 7. Bxf6 exf6 8. Nxe4 f5 9. Nc3 Qf6 10. 0-0-0 Bd7 11. f4 Ng4 12. Re1+ Be7 13. Nf3 Qxd4 14. Nxd4 Kf7 15. Bd3 Nf2 16. Bxf5 Nxh1 17. Bxd7 Nf2 18. Be6+ Kf8 19. Re2 Bf6 20. Ndb5 c6 21. Nxd6 Bd4 22. Nf5 Bxc3 23. bxc3 Ng4 24. d6 Nf6 25. c4 c5 26. h3 Rd8 27. g4 g6 28. Ne3 Rxd6 29. Nd5 Nxd5 30. Bxd5 Rd7 31. f5 Kg7 32. Be6 Re7 33. Kb2 Rf8 34. Kb3 gxf5 35. gxf5 Rxf5 36. Rg2+ Kf6 37. Bxf5 Kxf5 38. Rg8 Re3+ 39. c3 Rxh3 40. Rg7 h5 41. Rxb7 h4 42. Rxa7 Re3 43. Rc7 Re5 44. Rh7 Kg4 45. a4 h3 46. a5 Rh5 47. Rg7+ Rg5 48. Rh7 Rg6 49. Ka4 Kg3 50. Kb5 Kg2 51. Kxc5 h2 52. Rxh2+ Kxh2 53. Kb5 Kg3 54. c5 Kf4 55. a6 Ke5 56. a7 Rg8 57. Kb6 Kd5 58. Kb7 Rg7+ 59. Kb8 Kxc5 60. a8Q Kb6 61. Qd5 Rc7 62. Qd6+ Rc6 63. Qd8+ Kb5 64. Kb7 Rxc3 65. Qd5+ Kb4 66. Kb6 Rc4 67. Qd6+ Kb3 68. Kb5 Rc3 69. Qd5+ Kc2 70. Kb4 Rd3 71. Qc4+ Kd2 72. Qf4+ Ke2 73. Qe5+ Re3 74. Qh2+ Kf3 75. Qh4 Re4+ 76. Qxe4+ Kxe4 1/2-1/2

[Event "Moehnesee Cup"]
[Site "Moehnesee"]
[Date "2002.09.01"]
[Round "3"]
[White "Tillmann, Markus"]
[Black "Schroeter, Hans Christoph"]
[Result "1-0"]
[WhiteElo "2190"]
[BlackElo "1917"]
[PlyCount "82"]
[EventDate "2002.08.30"]
[EventType "swiss"]
[EventRounds "7"]
[EventCountry "GER"]
[SourceTitle "CBM 090 Extra"]
[Source "ChessBase"]
[SourceDate "2002.11.07"]
[SourceVersion "1"]
[SourceVersionDate "2002.11.07"]
[SourceQuality "1"]

1. d4 Nf6 2. c4 d5 3. Nc3 e6 4. Nf3 Be7 5. Bg5 h6 6. Bh4 b6 7. cxd5 exd5 8. e3 0-0 9. Bd3 c5 10. Rc1 Bb7 11. 0-0 Nc6 12. Bxf6 Bxf6 13. dxc5 Nb4 14. Bb1 bxc5 15. a3 Na6 16. Qd3 g6 17. Rfd1 Nc7 18. Na4 c4 19. Qc2 Qe7 20. Nc3 Rfd8 21. Ne2 Ne6 22. Nfd4 Nc5 23. Qd2 Qd6 24. b4 Ne6 25. Nxe6 Qxe6 26. Nd4 Qe5 27. Qe2 Rac8 28. Rc3 Qe7 29. Qg4 Bg7 30. h4 h5 31. Qg3 Kf8 32. f4 Bf6 33. f5 Bxh4 34. Qf3 Qf6 35. Rf1 g5 36. Qxh5 Kg7 37. Qg4 Re8 38. g3 Rh8 39. Rc2 Rh6 40. Rg2 Re8 41. gxh4 Rxh4 1-0